El imperio romano

Uloženo v:
Podrobná bibliografie
Hlavní autor: Engel, Jean-Marie (Autor)
Médium: Kniha
Jazyk:španělština
Vydáno: Barcelona Oikos 1978
Témata:
Tagy: Přidat tag
Žádné tagy, Buďte první, kdo vytvoří štítek k tomuto záznamu!

MARC

LEADER 00000nam a2200000 a 4500
001 UCP9069
003 CL-VaPUC
008 000317e19780000SP |||||||||||||||||spa|d
082 0 4 |a 937.06  |b ENG  |2 21 
100 0 |a Engel, Jean-Marie  |e author  |9 439403 
245 1 3 |a El imperio romano 
300 |a 139 p 
942 |c BK 
945 |d 20000317 00:00:00  |a rherrera 
260 |a Barcelona  |b Oikos  |c 1978 
650 0 |a Historia antigua  |9 267521 
650 7 |a ROMA  |2 CL-VaPUC  |9 317375 
650 0 |a Imperio Romano  |9 322785 
650 7 |a EMPERADORES  |2 CL-VaPUC  |9 333943 
583 |a last modification  |c 20000317 00:00:00  |k Rodrigo Vera 
999 |c 285920  |d 285918 
952 |0 0  |1 0  |4 0  |6 937_060000000000000_ENG_1978  |7 0  |8 A  |9 330784  |a BIBHIS  |b BIBHIS  |d 2019-11-20  |i 1395548  |o 937.06 ENG 1978  |p 1395548  |r 2023-01-25  |w 2019-11-20  |y BK  |k HIS 
952 |0 0  |1 0  |4 0  |6 937_060000000000000_ENG_1978  |7 0  |8 A  |9 330785  |a BIBHIS  |b BIBHIS  |d 2019-11-20  |i 1395599  |l 1  |o 937.06 ENG 1978  |p 1395599  |r 2023-01-25  |s 2022-11-07  |w 2019-11-20  |y BK  |k HIS